Essentials of organization development (Record no. 895)

MARC details
000 -LEADER
fixed length control field 00440nam a22001697a 4500
005 - DATE AND TIME OF LATEST TRANSACTION
control field 20180726151806.0
008 - FIXED-LENGTH DATA ELEMENTS--GENERAL INFORMATION
fixed length control field 160517b xxu||||| |||| 00| 0 eng d
020 ## - INTERNATIONAL STANDARD BOOK NUMBER
ISBN 8176601624
041 ## - LANGUAGE CODE
Language code of text/sound track or separate title eng
082 ## - DEWEY DECIMAL CLASSIFICATION NUMBER
Item number 2468
Classification number 658.3
100 ## - MAIN ENTRY--AUTHOR NAME
Personal name Ghanekar, Dr. Mrs. Anjali .
245 ## - TITLE STATEMENT
Title Essentials of organization development
260 ## - PUBLICATION, DISTRIBUTION, ETC. (IMPRINT)
Place of publication Pune
Name of publisher Everest Publishing house
Year of publication 2010
300 ## - PHYSICAL DESCRIPTION
Number of Pages 507p,
650 ## - SUBJECT ADDED ENTRY--TOPICAL TERM
Topical Term Management
942 ## - ADDED ENTRY ELEMENTS (KOHA)
Koha item type Books
Holdings
Lost status Damaged status Collection code Home library Current library Shelving location Date acquired Cost, normal purchase price Full call number Accession Number Koha item type
    MANAGEMENT JRU Library JRU Library SHELF-64-F 17/05/2016 460.00 658.3 2468 Books